|
|
|
|
| LEADER |
00603nta a2200157 i 4500 |
| 001 |
dipl55504 |
| 005 |
20160209085509.0 |
| 008 |
160209s1986 hu om 0|| hun d |
| 040 |
|
|
|a SZTE Diploma Repozitórium
|b hun
|
| 041 |
|
|
|a hun
|
| 100 |
1 |
|
|a Szenes Ildikó
|
| 245 |
1 |
0 |
|a Szociális szerepek tanulása 13-14 éves családban felnőtt és állami gondozott gyermekek esetében
|h [elektronikus dokumentum] /
|c Ildikó Szenes
|
| 260 |
|
|
|c 1986
|
| 650 |
|
4 |
|a Bölcsészettudományok
|
| 700 |
1 |
|
|a Veczkó József
|e ths
|
| 856 |
4 |
0 |
|u http://diploma.bibl.u-szeged.hu/id/eprint/55504/1/1986_szenes_ildiko.pdf
|z Dokumentum-elérés
|